Κατάλογος Βιβλιοθηκών Mediterranean College

Learning in the Global Era / International Perspectives on Globalization and Education (Record no. 6125)

MARC details
000 -LEADER
fixed length control field 01257cam a22001934a 4500
005 - ΗΜΕΡΟΜΗΝΙΑ ΚΑΙ ΩΡΑ ΤΕΛΕΥΤΑΙΑΣ ΕΝΗΜΕΡΩΣΗΣ
Πεδίο ελέγχου 20250605164233.0
008 - FIXED-LENGTH DATA ELEMENTS--GENERAL INFORMATION
Πεδίο ελέγχου σταθερού μήκους 250528s ||||||||||||||||||||||||d
035 ## - SYSTEM CONTROL NUMBER
System control number 21054
020 ## - ISBN
ISBN 9780520254367
040 ## - ΠΗΓΗ ΚΑΤΑΛΟΓΟΓΡΑΦΗΣΗΣ
Φορέας πρωτότυπης καταλογογράφησης MC Athens Campus Library
Γλώσσα καταλογογράφησης Ελληνικά, Μοντέρνα (1453-)
Modifying agency MC Athens Campus Library
Κανόνες περιγραφικής καταλογογράφησης AACR2
245 1# - ΤΙΤΛΟΣ ΚΑΙ ΔΗΛΩΣΗ ΥΠΕΥΘΥΝΟΤΗΤΑΣ
Τίτλος Learning in the Global Era / International Perspectives on Globalization and Education
260 ## - PUBLICATION, DISTRIBUTION, ETC.
Name of publisher, distributor, etc. University Of California Press,
Date of publication, distribution, etc. 2007
300 ## - PHYSICAL DESCRIPTION
Extent 318
520 ## - SUMMARY, ETC.
Summary, etc. Acknowledgements, Introduction: Learning in the Global Era, Interdisciplinary Approaches to Learning and Understanding in the Global Era, Understanding Cultural Patterns, Social Conduct and Neurobiology and Education, Learning and the Functions of Education in a Changing Global Economy, The Global Spread of Women's Schooling: Effects on Learning and Literacy and Health and Cildren, The Postindustrial Workplace and Challenges to Education, Learning and Immigration and Integration, The Integration of Immigrant Youth, First Language and Culture Learning in Light of Globalization: The Case of Muslims in Flanders and in Brussels Area Belgium, Global Inequality, Explanations of Terms, Notes on Contributors, Index.
700 1# - ΠΡΟΣΘΕΤΗ ΑΝΑΓΡΑΦΗ--ΦΥΣΙΚΟ ΠΡΟΣΩΠΟ
Personal name Suarez-Orozco Marcelo M
9 (RLIN) 7083
942 ## - ADDED ENTRY ELEMENTS (KOHA)
Koha item type Books
Holdings
Τύπος τεκμηρίου Βιβλιοθήκη Τρέχουσα τοποθεσία Barcode Αριθμός εισαγωγής Ημερομηνία απόκτησης Ταξιθετικό σύμβολο Αριθμός αντιτύπου Κατάσταση απόσυρσης Κατάσταση χαμένου Κατάσταση κατεστραμμένου Μη δανεισμός Σύνολο δανεισμών Ημερομηνία τελευταίας εμφάνισης Η τιμή ισχύει από
Books MC Athens Campus Library MC Athens Campus Library 9780000061249 7063 05/06/2025 306.43 SUA 1           05/06/2025 05/06/2025

MC Athens Campus Library
Πατησίων 94 & Κοδριγκτώνος 13, 104 34
Πελλήνης 8 & Πατησίων 107, 112 51
Τ: +30 210 8899600

MC Thessaloniki Campus Library
Ίωνος Δραγούμη 21, 54625 | Ίωνος Δραγούμη 15, 54625
Τ: +30 2310 287779 – Τ: +30 2314 440300